000 00753cam a2200265u 4500
001 4409
003 BD-RjUL
005 20211208233903.0
008 13122 s1961 enk 001 0 eng
035 _a(BD-RjUL)4444
040 _aDLC
_cCarP
_dDLC
_dBD-RjUL
_beng
041 _aeng
082 _2347.5
_bHES
100 1 _aHeuston, R. F. V.
_913946
245 1 0 _aSalmond on the law of torts.
250 _a13th ed.
260 _aLondon :
_bSweet & Maxwell,
_cc1961.
300 _axi, 825 p. ;
_c22 cm.
504 _aIncludes index.
650 0 _aTorts
_zGreat Britain.
_913522
700 1 _aSalmond, John William,
_cSir,
_d1862-1924.
_tLaw of torts. [from old catalog]
_913947
942 _2ddc
_cBK
999 _c4409
_d4409